Diseño de iluminación para estadios de fútbol nacional
Guardat en:
| Autor principal: | |
|---|---|
| Altres autors: | |
| Format: | Llibre |
| Idioma: | Spanish |
| Publicat: |
[San José], Costa Rica
2015
|
| Matèries: | |
| Etiquetes: |
Afegir etiqueta
Sense etiquetes, Sigues el primer a etiquetar aquest registre!
|
MARC
| LEADER | 00000nam a22000007a 4500 | ||
|---|---|---|---|
| 003 | 012387 | ||
| 005 | 20230918090914.0 | ||
| 008 | 160701b2015 cr a|||| |||| 00| ||spa d | ||
| 040 | |c cru CEDI | ||
| 090 | |a TFG 7545 | ||
| 100 | |9 5163 |a Rojas Chaves, Daniel | ||
| 245 | |a Diseño de iluminación para estadios de fútbol nacional | ||
| 260 | |a [San José], Costa Rica |c 2015 | ||
| 300 | |a ix, 64 hojas ;ilustraciones a color | ||
| 500 | |a Proyecto de graduación (bachillerato en ingeniería eléctrica)--Universidad de Costa Rica. Facultad de Ingeniería. Escuela de Ingeniería Eléctrica | ||
| 501 | |a Profesor Guía de IE-0499 Proyecto Eléctrico: M.Sc. Gonzalo Mora Jiménez | ||
| 650 | |x ESTADIOS DEPORTIVOS |x ALUMBRADO ELECTRICO - DISEÑO |9 5164 | ||
| 700 | |9 731 |a Mora Jiménez, Gonzalo, 1977- |d Director de Proyecto Eléctrico | ||
| 942 | |c CEDI | ||
| 999 | |c 16968 |d 16968 | ||
